Anatomy & Physiology Workbook (Record no. 1038)

MARC details
000 -LEADER
Fixed length control field 00647nam a2200217Ia 4500
003 - CONTROL NUMBER IDENTIFIER
Control field IIN
005 - DATE AND TIME OF LATEST TRANSACTION
Control field 20240202113822.0
008 - FIXED-LENGTH DATA ELEMENTS--GENERAL INFORMATION
Fixed length control field 231217s9999 xx 000 0 und d
020 ## - INTERNATIONAL STANDARD BOOK NUMBER / ISBN
Price Free book
International Standard Book Number 9788126544806
040 ## - CATALOGING SOURCE
Original cataloging agency IIN
Language of cataloging English
082 ## - DEWEY DECIMAL CLASSIFICATION NUMBER
Classification number 612
Book Number TOR
100 1# - MAIN ENTRY--PERSONAL NAME
Personal name Tortota, Gerard J.
245 1# - TITLE STATEMENT
Title Anatomy & Physiology Workbook
Statement of responsibility Gerard J. Tortota and Bryan H. Derrickson
260 ## - IMPRINT
Name of publisher Wiley
Place of publication New Delhi
Date of publication 2014
300 ## - PHYSICAL DESCRIPTION
Page / Vol. No xii,226 p.
500 ## - GENERAL NOTE
General note This book is a work book (Main books are Accession number = 0053 & 0054 )
650 1# - SUBJECT ADDED ENTRY--TOPICAL TERM
Topical term Anatomy
650 1# - SUBJECT ADDED ENTRY--TOPICAL TERM
Topical term Physiology
700 1# - ADDED ENTRY--PERSONAL NAME
Personal name Derrickson, Bryan H.
942 ## - ADDED ENTRY ELEMENTS (KOHA)
Koha item type Books
Holdings
Withdrawn status Lost status Damaged status Not for loan Collection code Home library Current library Date acquired Total Checkouts Call number Accession number Date last seen Price effective from Koha item type
          IDEAL INSTITUTE OF NURSING IDEAL INSTITUTE OF NURSING 17/12/2023   612 TOR 1032 17/12/2023 17/12/2023 Books
          IDEAL INSTITUTE OF NURSING IDEAL INSTITUTE OF NURSING 17/12/2023   612 TOR 1033 17/12/2023 17/12/2023 Books
© Ideal Institute Of Nursing, All rights reserved.         Powered by Koha